header

Spider eaters (Record no. 68753)

MARC details
000 -LEADER
fixed length control field 01316nam a2200349Ia 4500
082 04 - DEWEY DECIMAL CLASSIFICATION NUMBER
Classification number 951.05092/2
-- B
100 1# - MAIN ENTRY--AUTHOR NAME
Personal name Yang, Rae.
245 10 - TITLE STATEMENT
Title Spider eaters
250 ## - EDITION STATEMENT
Edition statement 15th anniversary ed.
260 ## - PUBLICATION, DISTRIBUTION, ETC. (IMPRINT)
Place of publication Berkeley :
Name of publisher University of California Press,
Year of publication c2013.
300 ## - PHYSICAL DESCRIPTION
Number of Pages xvii, 285 p.
650 #0 - SUBJECT ADDED ENTRY--TOPICAL TERM
Topical Term Political refugees
856 40 - ELECTRONIC LOCATION AND ACCESS
Uniform Resource Identifier http://site.ebrary.com/lib/rucke/Doc?id=10661924

No items available.

© 2026 Rongo University
Contact us: librarian | system librarian | Rongo university